Quizzes
Events
Quiz Creation
Community
Videos
Private Events
Remove Ads
Sign In
Join for FREE
Feedback
Dark Mode
Quiz Categories
Sports
Geography
Music
Movies
Television
Just For Fun
Miscellaneous
History
Literature
Language
Science
Gaming
Entertainment
Religion
Holiday
For Kids
Quiz Lab
Recent
Popular Today
Quiz Kudos Today
Editor Picks
Curator Picks
Quizzes by...
Day
Popularity
Type
Ratings
Length
Year
Community
Subscriptions
Recent Discussions
Orange Saloon
Badges
Playlists
Quests
Create
Leaderboards
Showdown
Live 5
Trivia Bingo
Activity
Puzzle Library
Sporcle Events
Private Events
Virtual Trivia
Globe League
Become a Host
Pub Owners
SporcleCon
Opinionation
Our Games
Videos
Blog
Mobile Apps
Partnerships
Remove Ads and Go Orange
Feedback
History
US Presidents
World Leaders
Politics
Nation
Discovery
War
Decade
Year
Century
Biography
Art
History
US Presidents
World Leaders
Politics
Nation
Discovery
War
Decade
Year
Century
Biography
Art
Random Quiz
Search Sporcle
×
Quiz Lab
Quiz Lab
History
United Kingdom
Type in answers that appear in a list
Type in answers that appear in a list
Classic
Best Score? Go Orange.
English, Scottish and British Monarchs Stats
Can you name the monarchs of England (since 878), Scotland (since 848) and the UK (since 1707)
By
Pi_is_exactly_3
18m
114 Questions
677 Plays
677 Plays
677 Plays
Comments
Comments
Give Quiz Kudos
Give Quiz Kudos
-
- Ratings
hide this ad
Replay
Link that replays current quiz
Next Quiz
Link to next quiz in quiz playlist
You Got
0%
They Got
Avg Score
78%
Avg Friend Score
Upgrade to see
Score Distribution
Jump to the score distribution portion of the page
Score
0/114
Timer
18:00
0
Plays Today
Hint
Name
% Correct
England
William I
90.8%
Scotland
William I
90.8%
England
Edward I
90.7%
England
William II
89.8%
England
Elizabeth I
89.8%
England
William III
89.8%
England
William III
89.8%
Scotland
William II
89.8%
Scotland
William II
89.8%
England
Edward II
89.6%
England
Henry I
89.3%
England
Edward V
89.3%
England
Edward VI
89.3%
England
James I
89.3%
Scotland
James I
89.3%
Scotland
James VI
89.3%
England
Edward III
89.2%
England
Charles I
89.2%
England
James II
89.2%
Scotland
James II
89.2%
Scotland
Charles I
89.2%
Scotland
James VII
89.2%
England
Edward IV
89%
England
Edward IV
89%
England
Charles II
89%
Scotland
Charles II
89%
Scotland
Charles II
89%
England
Henry II
88.9%
United Kingdom
Elizabeth II
88.9%
England
Henry V
88.7%
England
Henry VI
88.7%
England
Henry VI
88.7%
Great Britain
George I
88.7%
England
Henry III
88.6%
England
Henry VII
88.6%
England
Henry VIII
88.6%
Great Britain
George II
88.6%
United Kingdom
Edward VII
88.6%
Hint
Name
% Correct
England
Mary I
88.4%
Scotland
Mary I
88.4%
England
Henry IV
88.3%
Great Britain
George III
88.3%
United Kingdom
George III
88.3%
England
Richard I
88.1%
England
Richard II
88.1%
United Kingdom
George IV
88.1%
United Kingdom
George V
88.1%
United Kingdom
Edward VIII
87.8%
United Kingdom
George VI
87.8%
England
Anne
87.4%
Scotland
Anne
87.4%
Great Britain
Anne
87.4%
England
Richard III
87.2%
England
Mary II
87.1%
Scotland
Mary II
87.1%
England
John
86.8%
Scotland
John Balliol
86.8%
United Kingdom
Victoria
86.6%
England
Alfred the Great
85.8%
Scotland
James III
85.5%
Scotland
James V
85.5%
Scotland
James IV
84.7%
United Kingdom
William IV
84.3%
England
Stephen
83.4%
Scotland
Robert I
79.7%
England
Harold Godwinson
79.5%
England
Harold Harefoot
78.5%
England
Cnut the Great
78.3%
Scotland
Robert II
78.3%
Scotland
Robert III
77%
Scotland
Duncan I
74.9%
Scotland
Macbeth
74.8%
Scotland
Malcolm I
74.6%
Scotland
Duncan II
73.9%
England
Edgar the Peaceful
73.7%
Scotland
Edgar
73.6%
Hint
Name
% Correct
Scotland
Malcolm II
72.8%
Scotland
Malcolm III
71.7%
England
Æthelstan
71.1%
England
Edward the Confessor
71.1%
England
Edmund I
70%
Scotland
Donald I
69.9%
Scotland
Kenneth MacAlpin I
69.3%
Scotland
Malcolm IV
69.3%
Scotland
Donald II
69.1%
Scotland
Alexander I
69.1%
Scotland
David I
68.5%
Scotland
Alexander II
68.5%
Scotland
Donald III
68.2%
England
Æthelred the Unready
68.1%
England
Æthelred the Unready
68.1%
Scotland
David II
68%
England
Edmund Ironside
67.8%
Scotland
Kenneth II
67.8%
Scotland
Alexander III
67.4%
Scotland
Constantine I
66%
Scotland
Kenneth III
65.6%
Scotland
Margaret
65.6%
Scotland
Constantine II
65.3%
England
Harthacnut
63.1%
England
Sweyn Forkbeard
62.6%
Scotland
Constantine III
62.3%
England
Edward the Elder
59.2%
Scotland
Áed
56.7%
England
Eadwig
55.6%
England
Eadred
54.6%
Scotland
Dub
51.9%
England
Edward the Martyr
50.6%
Scotland
Lulach
49.6%
Scotland
Giric
48.5%
Scotland
Cuilén
48.5%
Scotland
Indulf
46.7%
England
Edgar the Ætheling
46.4%
Scotland
Amlaíb
43%
Quiz Playlist
Details
Report
Send in Message
Add To Playlist
Classic:
Type in answers that appear in a list
Last Updated: Feb 16, 2017
Quiz Scoreboard
CHALLENGE
Sign Up to Join the Scoreboard
Show All
Scores
Hide
Comments
May contain spoilers
Recently Published
An Introduction to Baseball
by treessimontrees
Sports
5m
Movies - When Are They Set?
by FPL_Elf
Movies
5m
Popular People in 1961
by mucciniale
History
6m
More to Explore
Quiz From the Vault
Featured Blog Post
Where Did the Easter Bunny Come From?
hide this ad
You Might Also Like...
Tags
United Kingdom Quiz
britain
British Queen
England
Great Britain
King
Queen
Scotland
Today's Top Quizzes in History
Browse History
hide this ad
Today's Top Quizzes in United Kingdom
Browse United Kingdom
Top Contributed Quizzes in History
1
Popular People in 1991
2
Popular People in 1981
3
Popular People in 1951
4
Popular People in 1941
5
Popular People in 1986
6
Popular People in 1976
7
Popular People in 1921
8
I Am Born On March 28th
9
Popular People in 1946
10
Popular People in 1936
Explore More
Trending Topics
NBA
Kpop
Disney
Marvel
Harry Potter
Anime
Crossword
Song
Pokémon
NFL
Puzzle
Country
WWE
The Office
Soccer
hide this ad
More By:
Pi_is_exactly_3
Quiz
Plays
Rating
Category
Featured
Created
Countries by John Oliver Description
1,961
5.00
Television
Oct 14, 2015
Countries by highest point (Complete)
955
4.50
Geography
Dec 5, 2015
English, Scottish and British Monarchs
677
5.00
History
May 30, 2016
Countries of Europe by highest temperature
210
4.50
Geography
Jan 22, 2017
States by lowest temperature
193
4.00
Geography
Jun 4, 2016
Go to Creator's Profile
Score Distribution
Quiz Creator Spotlight
Pi_is_exactly_3
Follow
Send a Message
Quizzes Created
-
Created Quiz Play Count
-
More By This Creator
Popular Quizzes Today
1
Find the Countries of Europe - No Outlines Minefield
2
Find the US States - No Outlines Minefield
3
The Countries of the World
4
Popular People in 1961
5
US States
6
1-10 Letter E Words III
7
Find the US States
8
One Thing in Common: World Cities II
More History Quizzes
Billy Joel's Vice Presidents
Quiz Lab
Trending Quizzes
Risky Map Clicking: Least Populous States A-Z
1-10 Letter F Words
1-10 Letter G Words
One Thing in Common: United Kingdom
Risky Map Clicking: Next State Alphabetically
Recently Updated
Leaping Animals
pecheneg
Reality TV Shows (A-Z)
bhenderson79
Rickey Henderson's Hall of Fame Teammates
pecheneg
Champions League XIs: Arsenal
pecheneg
Quick Pick: Celebrities in WWE's Hall of Fame
aduchscher
A-Z Keypad Blitz II
pecheneg
Multiple Oscar Actors
pecheneg
Mystery Phrase Blitz: Oscar 'Best Actors'
pecheneg
F. Scott Fitzgerald Novels
LTH
Pick 3 Villains
ddd62291
Trending Topics
Kpop
Crossword
Harry Potter
Disney
Anime
NBA
Marvel
NFL
Country
WWE
Song
Soccer
Puzzle
Pokémon
The Office
Your Account Isn't Verified!
In order to create a playlist on Sporcle, you need to verify the email address you used during registration. Go to your
Sporcle Settings
to finish the process.
Report this User
Report this user for behavior that violates our
Community Guidelines
.
Details:
Send Report
Go to the Sporcle.com Mobile Site →
Comments